[Event "71th Aniversario do GXA"]
[Site "Lisboa"]
[Date "2018.06.27"]
[Round "1"]
[White "Marques, Rui Filipe Pereira"]
[Black "Reis, Luis Simoes dos"]
[Result "1/2-1/2"]
[WhiteElo "1884"]
[BlackElo "1834"]
[PlyCount "31"]
[EventDate "2018.06.??"]
[EventType "tourn"]
[EventRounds "1"]

1. e4 e5 2. Nf3 Nc6 3. d4 exd4 4. Nxd4 Bc5 5. Nxc6 Qf6 6. Qf3 Qxf3 7. gxf3 bxc6
8. Be3 Bxe3 9. fxe3 d6 10. Nc3 Be6 11. O-O-O Ne7 12. h4 h5 13. Bh3 Bxh3 14.
Rxh3 O-O-O 15. Rg1 g6 16. Rg5 1/2-1/2

[Event "71th Aniversario do GXA"]
[Site "Lisboa"]
[Date "2018.06.27"]
[Round "1"]
[White "Fernandes, Ricardo Paulus"]
[Black "Santos, Isabel Maria Casimi"]
[Result "1-0"]
[WhiteElo "1985"]
[BlackElo "1749"]
[PlyCount "57"]
[EventDate "2018.06.??"]
[EventType "tourn"]
[EventRounds "1"]

1. b3 d5 2. Bb2 Nf6 3. e3 Bg4 4. f3 Bh5 5. Ne2 e6 6. Nbc3 Bg6 7. Ng1 Be7 8. f4
c5 9. Bb5+ Nc6 10. Nf3 O-O 11. Bxc6 bxc6 12. Ne2 Ne4 13. O-O Bh5 14. d3 Nd6 15.
Ng3 Bg4 16. Qe1 Bxf3 17. Rxf3 Bf6 18. Be5 Bxe5 19. fxe5 Nb5 20. Nh5 Nc7 21. Qg3
Ne8 22. Raf1 Rb8 23. Nf6+ Nxf6 24. exf6 g6 25. Qh4 h5 26. g4 Rb4 27. c4 dxc4
28. dxc4 Qd6 29. gxh5 1-0

[Event "71th Aniversario do GXA"]
[Site "Lisboa"]
[Date "2018.06.27"]
[Round "1"]
[White "Simoes, John William Contre"]
[Black "Machado, Tomas Dias"]
[Result "1-0"]
[WhiteElo "2002"]
[BlackElo "1918"]
[PlyCount "103"]
[EventDate "2018.06.??"]
[EventType "tourn"]
[EventRounds "1"]

1. e4 c5 2. Nf3 Nc6 3. d4 cxd4 4. Nxd4 g6 5. Nxc6 bxc6 6. Qd4 Nf6 7. e5 Nd5 8.
e6 f6 9. exd7+ Bxd7 10. Bc4 e5 11. Qd1 Be6 12. O-O Bg7 13. Qe2 f5 14. Bd2 Qd6
15. Bb3 O-O 16. Rd1 Qc7 17. Nc3 Kh8 18. Nxd5 cxd5 19. Bb4 Rfd8 20. Qa6 Bg8 21.
c3 Qc8 22. Qa5 Qb7 23. Rd2 d4 24. Bxg8 Kxg8 25. Rad1 Rd5 26. Qa3 a5 27. Bc5
Rad8 28. cxd4 exd4 29. h3 Qb5 30. Be7 R8d7 31. Rd3 Re5 32. Bg5 h6 33. Bf4 Re4
34. Bd2 a4 35. Bb4 Rc7 36. b3 Rc2 37. bxa4 Qc6 38. Qb3+ Kh7 39. Qf7 Qc4 40.
Qxc4 Rxc4 41. a3 Rc2 42. a5 Ree2 43. R3d2 d3 44. Rxd3 Rxf2 45. R3d2 Rfxd2 46.
Rxd2 Rxd2 47. Bxd2 Bd4+ 48. Kf1 g5 49. g3 Kg6 50. Ke2 Kf6 51. a6 Ke6 52. Be3
1-0

[Event "71th Aniversario do GXA"]
[Site "Lisboa"]
[Date "2018.06.27"]
[Round "1"]
[White "Morais, Vitor Mestre"]
[Black "Aguiar, Carlos Alberto Bran"]
[Result "1/2-1/2"]
[WhiteElo "1938"]
[BlackElo "1792"]
[PlyCount "60"]
[EventDate "2018.06.??"]
[EventType "tourn"]
[EventRounds "1"]

1. c4 Nf6 2. Nc3 g6 3. g3 Bg7 4. Bg2 d6 5. e3 c6 6. Nge2 O-O 7. O-O Bf5 8. d4
e5 9. Re1 Qc7 10. b3 e4 11. Bb2 d5 12. Rc1 Qd7 13. Nf4 g5 14. Nh5 Nxh5 15. Qxh5
h6 16. Qd1 Na6 17. cxd5 cxd5 18. Na4 b6 19. Qd2 Rfc8 20. Bf1 Qb7 21. a3 Bd7 22.
Nc3 Nc7 23. Rc2 Ne6 24. Rec1 a6 25. Na2 Bf8 26. Nb4 Rxc2 27. Rxc2 a5 28. Na2
Rc8 29. Nc1 Rxc2 30. Qxc2 Qc6 1/2-1/2

[Event "71th Aniversario do GXA"]
[Site "Lisboa"]
[Date "2018.06.29"]
[Round "2"]
[White "Reis, Luis Simoes dos"]
[Black "Aguiar, Carlos Alberto Bran"]
[Result "1-0"]
[WhiteElo "1834"]
[BlackElo "1792"]
[PlyCount "111"]
[EventDate "2018.06.??"]
[EventType "tourn"]
[EventRounds "1"]

1. Nf3 Nf6 2. d4 g6 3. Nc3 d5 4. Bf4 c6 5. Ne5 Bg7 6. h4 Nbd7 7. e3 Nh5 8. Bh2
Nxe5 9. dxe5 f5 10. Be2 Be6 11. Bxh5 gxh5 12. Qxh5+ Kd7 13. O-O-O Kc8 14. e4
fxe4 15. Nxe4 Qa5 16. Ng5 Kd7 17. Nxe6 Kxe6 18. Rd3 Qb4 19. f4 Qe4 20. Qg4+ Kf7
21. Rg3 Rag8 22. Qf3 Qxf3 23. Rxf3 Bh6 24. Rg1 Rg4 25. g3 Rhg8 26. Rd1 e6 27.
c4 Rc8 28. Rc3 Rgg8 29. Rdd3 a6 30. Kd1 Rgd8 31. cxd5 cxd5 32. Ke2 b5 33. g4 b4
34. Rxc8 Rxc8 35. Kd2 Rc4 36. g5 Bf8 37. h5 Bc5 38. Bg3 a5 39. f5 exf5 40. Rxd5
f4 41. Bxf4 Rxf4 42. Rxc5 Rf2+ 43. Kc1 a4 44. Rc7+ Ke6 45. Rxh7 Rf1+ 46. Kd2
Rf2+ 47. Kc1 Rf1+ 48. Kc2 Rf2+ 49. Kd3 Rxb2 50. Kc4 b3 51. axb3 Rxb3 52. g6 Rg3
53. Ra7 a3 54. g7 a2 55. h6 Rg6 56. Rxa2 1-0

[Event "71th Aniversario do GXA"]
[Site "Lisboa"]
[Date "2018.06.29"]
[Round "2"]
[White "Machado, Tomas Dias"]
[Black "Morais, Vitor Mestre"]
[Result "1/2-1/2"]
[WhiteElo "1918"]
[BlackElo "1938"]
[PlyCount "71"]
[EventDate "2018.06.??"]
[EventType "tourn"]
[EventRounds "1"]

1. e4 c5 2. Nf3 a6 3. c4 Nc6 4. Nc3 Nf6 5. d4 cxd4 6. Nxd4 e5 7. Nc2 Bc5 8. Be2
d6 9. O-O h6 10. Rb1 Nd4 11. Kh1 Nxe2 12. Qxe2 O-O 13. Be3 Be6 14. Bxc5 dxc5
15. Ne3 Nd7 16. Ned5 f5 17. f3 f4 18. Rbd1 Rc8 19. Na4 Rc6 20. Rd2 Rf7 21. Rfd1
Qh4 22. Ndc3 Kh7 23. Rd6 Rxd6 24. Rxd6 Rf6 25. Qd2 Rg6 26. Nd5 b5 27. Nab6 Nxb6
28. Nxb6 bxc4 29. Na4 c3 30. bxc3 Bxa2 31. Rxg6 Kxg6 32. Nxc5 Bc4 33. h3 Kh7
34. Nd7 Qe7 35. Nb6 Qc5 36. Qd8 1/2-1/2

[Event "71th Aniversario do GXA"]
[Site "Lisboa"]
[Date "2018.06.29"]
[Round "2"]
[White "Santos, Isabel Maria Casimi"]
[Black "Simoes, John William Contre"]
[Result "1/2-1/2"]
[WhiteElo "1749"]
[BlackElo "2002"]
[PlyCount "109"]
[EventDate "2018.06.??"]
[EventType "tourn"]
[EventRounds "1"]

1. d4 d5 2. c4 e6 3. Nf3 Nf6 4. g3 Be7 5. Bg2 O-O 6. O-O c6 7. b3 Nbd7 8. Bb2
Qb6 9. Nbd2 Re8 10. Qc2 Nf8 11. e4 dxe4 12. Nxe4 Ng6 13. Ne5 Qc7 14. Ng5 Rf8
15. f4 Bd7 16. Rae1 Be8 17. Kh1 Nd7 18. Nxd7 Bxd7 19. Nf3 Bf6 20. Ne5 Rad8 21.
Be4 Bc8 22. Qe2 Rfe8 23. Qh5 Nf8 24. g4 g6 25. Qh3 Bg7 26. g5 c5 27. Rd1 cxd4
28. Bxd4 b6 29. Qg2 Rd6 30. Rd2 Nd7 31. Qf3 Nc5 32. Kg1 Nxe4 33. Qxe4 Bb7 34.
Qe2 Red8 35. Rfd1 Ba8 36. Kf2 Qb7 37. Kg3 Qe4 38. Qxe4 Bxe4 39. Be3 Rxd2 40.
Rxd2 Rxd2 41. Bxd2 Bxe5 42. fxe5 Bb1 43. a3 Ba2 44. c5 bxc5 45. Be3 Bxb3 46.
Bxc5 a6 47. Be7 Kg7 48. Kf4 h6 49. h4 h5 50. Ke4 Bc2+ 51. Kd4 f5 52. exf6+ Kf7
53. Ke5 Bb3 54. Bd6 Ba2 55. Be7 1/2-1/2

[Event "71th Aniversario do GXA"]
[Site "Lisboa"]
[Date "2018.06.29"]
[Round "2"]
[White "Marques, Rui Filipe Pereira"]
[Black "Fernandes, Ricardo Paulus"]
[Result "1/2-1/2"]
[WhiteElo "1884"]
[BlackElo "1985"]
[PlyCount "31"]
[EventDate "2018.06.??"]
[EventType "tourn"]
[EventRounds "1"]

1. e4 c5 2. Nf3 Nc6 3. d4 cxd4 4. Nxd4 g6 5. c4 Bg7 6. Be3 d6 7. Nc3 Nf6 8. Be2
O-O 9. O-O Bd7 10. Qd2 Rc8 11. f3 a6 12. Nxc6 Bxc6 13. Nd5 Nd7 14. Rab1 a5 15.
b3 Re8 16. a3 1/2-1/2

[Event "71th Aniversario do GXA"]
[Site "Lisboa"]
[Date "2018.07.02"]
[Round "3"]
[White "Fernandes, Ricardo Paulus"]
[Black "Reis, Luis Simoes dos"]
[Result "1/2-1/2"]
[WhiteElo "1985"]
[BlackElo "1834"]
[PlyCount "45"]
[EventDate "2018.06.??"]
[EventType "tourn"]
[EventRounds "1"]

1. Nf3 g6 2. b3 Bg7 3. Nc3 Nf6 4. Bb2 O-O 5. g3 b6 6. Bg2 Bb7 7. O-O c5 8. Re1
d5 9. d4 Nc6 10. e3 Rc8 11. a3 e6 12. Rb1 Qe7 13. Ne5 Nd7 14. Nxc6 Bxc6 15. e4
dxe4 16. d5 exd5 17. Nxd5 Bxd5 18. Bxg7 Kxg7 19. Qxd5 Nf6 20. Qc4 Rfe8 21. Re3
Rcd8 22. Rbe1 Rd4 23. Qe2 1/2-1/2

[Event "71th Aniversario do GXA"]
[Site "Lisboa"]
[Date "2018.07.02"]
[Round "3"]
[White "Simoes, John William Contre"]
[Black "Marques, Rui Filipe Pereira"]
[Result "1/2-1/2"]
[WhiteElo "2002"]
[BlackElo "1884"]
[PlyCount "58"]
[EventDate "2018.06.??"]
[EventType "tourn"]
[EventRounds "1"]

1. e4 c5 2. Nf3 Nc6 3. d4 cxd4 4. Nxd4 g6 5. Nxc6 bxc6 6. Qd4 Nf6 7. e5 Nd5 8.
e6 f6 9. exd7+ Bxd7 10. Bc4 e5 11. Qd1 Be6 12. O-O Bg7 13. Qe2 Qe7 14. Bb3 O-O
15. Bd2 Rfe8 16. Nc3 Nxc3 17. Bxc3 Bd5 18. Rad1 Qf7 19. Qa6 Rab8 20. Rfe1 Bf8
21. Qd3 Bxb3 22. axb3 Rb7 23. h3 Bc5 24. Qf3 Qe6 25. Qe4 Rd7 26. Kf1 Rd5 27.
Rd3 Qf5 28. Rf3 Qxe4 29. Rxe4 f5 1/2-1/2

[Event "71th Aniversario do GXA"]
[Site "Lisboa"]
[Date "2018.07.02"]
[Round "3"]
[White "Morais, Vitor Mestre"]
[Black "Santos, Isabel Maria Casimi"]
[Result "0-1"]
[WhiteElo "1938"]
[BlackElo "1749"]
[PlyCount "76"]
[EventDate "2018.06.??"]
[EventType "tourn"]
[EventRounds "1"]

1. e4 c6 2. c4 d5 3. exd5 cxd5 4. cxd5 Nf6 5. Nc3 Nxd5 6. Nf3 e6 7. d4 a6 8.
Be2 Bb4 9. Bd2 Nc6 10. a3 Ba5 11. b4 Bb6 12. Na4 Bxd4 13. Rc1 Bf6 14. O-O O-O
15. Qb3 e5 16. Rfd1 Be6 17. Nc5 Nf4 18. Qe3 Qe7 19. Bf1 Bg4 20. Bc3 Rad8 21. h3
Bf5 22. b5 axb5 23. Bxb5 Nd5 24. Qe2 Qxc5 25. Bb4 Qb6 26. Bxf8 Rxf8 27. Qc4 Nd4
28. Nxd4 exd4 29. Re1 Be6 30. a4 Nc3 31. Qd3 g6 32. Bc4 Bf5 33. Qd2 Qb4 34. Bb5
d3 35. Qh6 Bg7 36. Qg5 Qd6 37. Qe3 Nxb5 38. axb5 d2 0-1

[Event "71th Aniversario do GXA"]
[Site "Lisboa"]
[Date "2018.08.07"]
[Round "3"]
[White "Aguiar, Carlos Alberto Bran"]
[Black "Machado, Tomas Dias"]
[Result "0-1"]
[WhiteElo "1792"]
[BlackElo "1918"]
[PlyCount "76"]
[EventDate "2018.06.??"]
[EventType "tourn"]
[EventRounds "1"]

1. d4 Nf6 2. Nf3 d5 3. c4 c6 4. Nc3 Bf5 5. cxd5 cxd5 6. g3 e6 7. Bg2 Nbd7 8.
O-O Bb4 9. Qb3 Bxc3 10. bxc3 Qb6 11. Ba3 Rc8 12. Qxb6 Nxb6 13. Bb4 Ne4 14. Rac1
Na4 15. Nh4 Nexc3 16. Kh1 Bg6 17. Nxg6 hxg6 18. e4 Kd7 19. exd5 Nxd5 20. Bd2 b5
21. Rfe1 Nab6 22. Kg1 Rxc1 23. Rxc1 Rc8 24. Rxc8 Kxc8 25. Bf1 Nc4 26. Bc1 Nb4
27. a4 a6 28. axb5 axb5 29. Be2 Nc2 30. Be3 N4xe3 31. fxe3 b4 32. Bc4 Nxe3 33.
Bb3 Kc7 34. Kf2 Nf5 35. d5 Nd4 36. dxe6 fxe6 37. Ba2 b3 38. Bb1 Nc2 0-1

[Event "71th Aniversario do GXA"]
[Site "Lisboa"]
[Date "2018.07.04"]
[Round "4"]
[White "Reis, Luis Simoes dos"]
[Black "Machado, Tomas Dias"]
[Result "1/2-1/2"]
[WhiteElo "1834"]
[BlackElo "1918"]
[PlyCount "82"]
[EventDate "2018.06.??"]
[EventType "tourn"]
[EventRounds "1"]

1. e4 e6 2. d4 d5 3. Nc3 dxe4 4. Nxe4 Nf6 5. Bg5 Be7 6. Bxf6 gxf6 7. Nf3 a6 8.
Bc4 b5 9. Bb3 Bb7 10. Qe2 Nd7 11. O-O-O f5 12. Nc3 b4 13. Na4 Nf6 14. Ne5 Rf8
15. Nc5 Bxc5 16. dxc5 Qb8 17. c6 Bc8 18. Nd7 Bxd7 19. cxd7+ Ke7 20. Rhe1 Qb6
21. Qe5 Nxd7 22. Qxf5 a5 23. Qxh7 Nf6 24. Qh4 a4 25. Bc4 Rh8 26. Qf4 Rag8 27.
Bf1 Rg4 28. Qe3 Qxe3+ 29. Rxe3 Rxh2 30. a3 c5 31. f3 Rd4 32. axb4 Rxd1+ 33.
Kxd1 Nd5 34. Ra3 Rh1 35. Ke2 Nxb4 36. c3 Nd3 37. Kxd3 Rxf1 38. Rxa4 Rf2 39. Rg4
Rxb2 40. Kc4 Kd6 41. Rg7 Rf2 1/2-1/2

[Event "71th Aniversario do GXA"]
[Site "Lisboa"]
[Date "2018.07.04"]
[Round "4"]
[White "Santos, Isabel Maria Casimi"]
[Black "Aguiar, Carlos Alberto Bran"]
[Result "0-1"]
[WhiteElo "1749"]
[BlackElo "1792"]
[PlyCount "110"]
[EventDate "2018.06.??"]
[EventType "tourn"]
[EventRounds "1"]

1. d4 d5 2. Nf3 c6 3. c4 Nf6 4. Nc3 a6 5. e3 g6 6. Qb3 Bg7 7. Be2 O-O 8. O-O e6
9. Ne5 Nbd7 10. f4 dxc4 11. Qxc4 Nd5 12. e4 Nxc3 13. bxc3 Nxe5 14. fxe5 Qa5 15.
Bg5 Qb5 16. Be7 Re8 17. Ba3 Qxc4 18. Bxc4 b5 19. Bb3 Bf8 20. Bxf8 Kxf8 21. Rf6
Kg7 22. Raf1 Re7 23. d5 cxd5 24. exd5 exd5 25. Bxd5 Raa7 26. c4 bxc4 27. Bxc4
Rac7 28. R1f4 g5 29. Re4 Bb7 30. Rg4 Rxe5 31. Rxa6 Bxa6 32. Bxa6 Rc1+ 33. Kf2
Rc2+ 34. Kf3 Rxa2 35. Bc4 Ra3+ 36. Kf2 Rc5 37. Be2 Ra2 38. Re4 Kf6 39. Kg3 Re5
40. Bf3 Rxe4 41. Bxe4 Ra3+ 42. Kg4 Ra4 43. Kf3 h5 44. Bd5 Ke5 45. Bc6 Ra3+ 46.
Kf2 f5 47. h3 h4 48. Bd7 Kf4 49. Be6 Rc3 50. Bd5 Rc2+ 51. Ke1 Kg3 52. Kf1 Rf2+
53. Kg1 Rd2 54. Bc4 Rd1+ 55. Bf1 f4 0-1

[Event "71th Aniversario do GXA"]
[Site "Lisboa"]
[Date "2018.07.04"]
[Round "4"]
[White "Marques, Rui Filipe Pereira"]
[Black "Morais, Vitor Mestre"]
[Result "1-0"]
[WhiteElo "1884"]
[BlackElo "1938"]
[PlyCount "45"]
[EventDate "2018.06.??"]
[EventType "tourn"]
[EventRounds "1"]

1. e4 d5 2. exd5 Qxd5 3. Nf3 Nf6 4. d4 a6 5. Be2 Bg4 6. O-O e6 7. c4 Qd8 8. Nc3
Be7 9. Qa4+ Nbd7 10. Be3 O-O 11. Rfd1 c6 12. h3 Bh5 13. d5 exd5 14. cxd5 b5 15.
Qb3 Qc7 16. dxc6 Qxc6 17. Nd4 Qb7 18. Nf5 Rae8 19. Bxh5 Nxh5 20. Nd5 Bc5 21.
Bxc5 Nxc5 22. Qf3 g6 23. Nd6 1-0

[Event "71th Aniversario do GXA"]
[Site "Lisboa"]
[Date "2018.07.04"]
[Round "4"]
[White "Fernandes, Ricardo Paulus"]
[Black "Simoes, John William Contre"]
[Result "1-0"]
[WhiteElo "1985"]
[BlackElo "2002"]
[PlyCount "113"]
[EventDate "2018.06.??"]
[EventType "tourn"]
[EventRounds "1"]

1. b3 e5 2. Bb2 d6 3. c4 Nf6 4. d3 Be7 5. e3 O-O 6. a3 c6 7. Qc2 Bf5 8. Nd2
Nbd7 9. Ngf3 h6 10. Be2 Bh7 11. O-O Rc8 12. Rad1 Qc7 13. Rc1 Rfd8 14. b4 Qb8
15. Kh1 Bf8 16. Qb1 Re8 17. Ne4 Be7 18. Ba1 Red8 19. h3 d5 20. Nxf6+ Bxf6 21.
e4 d4 22. Nh2 Qd6 23. g3 g6 24. Rg1 Bg7 25. Rcf1 Rf8 26. f4 Rcd8 27. c5 Qe7 28.
Qb3 Kh8 29. Nf3 f6 30. Bb2 Bg8 31. Qc2 Bh7 32. Bc1 a6 33. Bd2 Rde8 34. Rf2 g5
35. f5 Ra8 36. g4 Rf7 37. Be1 Kg8 38. Nd2 Rff8 39. Nc4 Rfb8 40. h4 b6 41. cxb6
Nxb6 42. Na5 Rc8 43. Nxc6 Qc7 44. Qb3+ Kh8 45. Na5 Bg8 46. Qd1 Qc1 47. hxg5
Qxa3 48. g6 Qc1 49. Bd2 Qxd1 50. Bxd1 Rc7 51. Rh2 Rac8 52. g5 fxg5 53. Bxg5 Nd7
54. Bxh6 Bxh6 55. g7+ Kh7 56. Rg6 Ba2 57. g8=Q+ 1-0

[Event "71th Aniversario do GXA"]
[Site "Lisboa"]
[Date "2018.07.06"]
[Round "5"]
[White "Simoes, John William Contre"]
[Black "Reis, Luis Simoes dos"]
[Result "1/2-1/2"]
[WhiteElo "2002"]
[BlackElo "1834"]
[PlyCount "81"]
[EventDate "2018.06.??"]
[EventType "tourn"]
[EventRounds "1"]

1. e4 e6 2. d4 d5 3. exd5 exd5 4. Bd3 c5 5. Qe2+ Qe7 6. dxc5 Qxe2+ 7. Nxe2 Bxc5
8. O-O Ne7 9. Nbc3 O-O 10. Bg5 Nbc6 11. a3 a6 12. h3 h6 13. Bh4 g5 14. Bg3 f5
15. Na4 Ba7 16. Bd6 b5 17. Nac3 Rf6 18. Bxe7 Nxe7 19. Kh1 f4 20. f3 Be6 21. a4
b4 22. Na2 Bc5 23. Nac1 Bf5 24. g4 Bd7 25. Nb3 Be3 26. Nbd4 Nc6 27. Nxc6 Rxc6
28. Rad1 Kg7 29. b3 h5 30. Kg2 Rh6 31. Rh1 hxg4 32. hxg4 Rah8 33. Rxh6 Rxh6 34.
Ng1 a5 35. Nh3 Kf6 36. Bb5 Be6 37. Bd3 Rh8 38. Rh1 Rh4 39. Re1 Rh8 40. Rh1 Rh4
41. Re1 1/2-1/2

[Event "71th Aniversario do GXA"]
[Site "Lisboa"]
[Date "2018.07.06"]
[Round "5"]
[White "Morais, Vitor Mestre"]
[Black "Fernandes, Ricardo Paulus"]
[Result "0-1"]
[WhiteElo "1938"]
[BlackElo "1985"]
[PlyCount "45"]
[EventDate "2018.06.??"]
[EventType "tourn"]
[EventRounds "1"]

1. d4 Nf6 2. Nf3 g6 3. Bf4 Bg7 4. h3 d6 5. e3 Nbd7 6. Be2 O-O 7. O-O Re8 8. c3
h6 9. Bh2 c5 10. Na3 a6 11. Nc2 b6 12. a4 Bb7 13. Re1 Ne4 14. Bf1 Bd5 15. Na3
Qc7 16. Nc4 Rec8 17. Nfd2 b5 18. Nxe4 Bxe4 19. Nd2 Bc6 20. d5 Bxd5 21. axb5
axb5 22. Bxb5 Rxa1 23. Qxa1 0-1

[Event "71th Aniversario do GXA"]
[Site "Lisboa"]
[Date "2018.07.06"]
[Round "5"]
[White "Aguiar, Carlos Alberto Bran"]
[Black "Marques, Rui Filipe Pereira"]
[Result "1/2-1/2"]
[WhiteElo "1792"]
[BlackElo "1884"]
[PlyCount "32"]
[EventDate "2018.06.??"]
[EventType "tourn"]
[EventRounds "1"]

1. e4 c5 2. Nf3 d6 3. d4 cxd4 4. Nxd4 Nf6 5. Nc3 g6 6. Be3 Bg7 7. Bb5+ Bd7 8.
Bxd7+ Qxd7 9. f3 Nc6 10. O-O O-O 11. Qd2 Rac8 12. Rad1 Ne5 13. b3 a6 14. Na4
Qc7 15. c4 Nc6 16. Nxc6 Qxc6 1/2-1/2

[Event "71th Aniversario do GXA"]
[Site "Lisboa"]
[Date "2018.07.06"]
[Round "5"]
[White "Machado, Tomas Dias"]
[Black "Santos, Isabel Maria Casimi"]
[Result "1-0"]
[WhiteElo "1918"]
[BlackElo "1749"]
[PlyCount "33"]
[EventDate "2018.06.??"]
[EventType "tourn"]
[EventRounds "1"]

1. e4 c6 2. d4 d5 3. Nc3 dxe4 4. Nxe4 Nd7 5. Ng5 Ndf6 6. N1f3 h6 7. Nxf7 Kxf7
8. Ne5+ Ke8 9. Bd3 e6 10. Bg6+ Ke7 11. b3 c5 12. Nf7 Qd5 13. O-O Rh7 14. c4 Qc6
15. Ba3 b6 16. dxc5 bxc5 17. Qd8# 1-0

[Event "71th Aniversario do GXA"]
[Site "Lisboa"]
[Date "2018.07.07"]
[Round "6"]
[White "Marques, Rui Filipe Pereira"]
[Black "Machado, Tomas Dias"]
[Result "1/2-1/2"]
[WhiteElo "1884"]
[BlackElo "1918"]
[PlyCount "39"]
[EventDate "2018.06.??"]
[EventType "tourn"]
[EventRounds "1"]

1. e4 c5 2. Nf3 Nc6 3. Bb5 g6 4. O-O Bg7 5. c3 Nf6 6. Re1 O-O 7. e5 Nd5 8. d4
cxd4 9. cxd4 e6 10. Nc3 Nc7 11. Bf4 a6 12. Bxc6 bxc6 13. Ne4 Nd5 14. Bg5 f6 15.
exf6 Nxf6 16. Ne5 Qc7 17. Nxf6+ Bxf6 18. Bxf6 Rxf6 19. Rc1 Qd6 20. Qd2 1/2-1/2

[Event "71th Aniversario do GXA"]
[Site "Lisboa"]
[Date "2018.07.09"]
[Round "6"]
[White "Fernandes, Ricardo Paulus"]
[Black "Aguiar, Carlos Alberto Bran"]
[Result "1/2-1/2"]
[WhiteElo "1985"]
[BlackElo "1792"]
[PlyCount "63"]
[EventDate "2018.06.??"]
[EventType "tourn"]
[EventRounds "1"]

1. b3 e5 2. Bb2 Nc6 3. c4 Nf6 4. e3 d5 5. cxd5 Nxd5 6. a3 a6 7. d3 Be6 8. Nd2
Be7 9. Ngf3 f6 10. Be2 Qd7 11. Qc2 Nb6 12. O-O O-O 13. Kh1 Rad8 14. Rfd1 Qe8
15. d4 exd4 16. Nxd4 Nxd4 17. exd4 Nd5 18. Re1 Qf7 19. Bf3 c6 20. Qd3 Rfe8 21.
Be4 f5 22. Bf3 Bf6 23. Qc2 Nc7 24. Nc4 Bxc4 25. bxc4 Bxd4 26. Bxd4 Rxe1+ 27.
Rxe1 Rxd4 28. Qb2 Ne6 29. Qc3 Rd7 30. Qe5 Nf8 31. Qf4 Re7 32. Rd1 1/2-1/2

[Event "71th Aniversario do GXA"]
[Site "Lisboa"]
[Date "2018.07.09"]
[Round "6"]
[White "Simoes, John William Contre"]
[Black "Morais, Vitor Mestre"]
[Result "0-1"]
[WhiteElo "2002"]
[BlackElo "1938"]
[PlyCount "86"]
[EventDate "2018.06.??"]
[EventType "tourn"]
[EventRounds "1"]

1. e4 c5 2. Nf3 a6 3. c3 e6 4. d4 d5 5. dxc5 Bxc5 6. exd5 exd5 7. Be2 Ne7 8.
O-O O-O 9. Bg5 f6 10. Bh4 Nbc6 11. Nbd2 Nf5 12. Nb3 Ba7 13. Bd3 Nxh4 14. Nxh4
Ne5 15. Nf5 g6 16. Ng3 Be6 17. Be2 Qd7 18. Nd4 Bf7 19. h3 f5 20. Nf3 Nc6 21.
Ng5 f4 22. N3e4 Qe7 23. Nxf7 dxe4 24. Nh6+ Kg7 25. Ng4 Rad8 26. Qa4 f3 27. Bxa6
fxg2 28. Kxg2 h5 29. Nh2 Rd2 30. Bb5 Rfxf2+ 31. Rxf2 Rxf2+ 32. Kh1 Bb8 33. Ng4
hxg4 34. Bxc6 Qe5 35. Qd4 Qxd4 36. cxd4 bxc6 37. b4 gxh3 38. a4 e3 39. Re1 e2
40. Kg1 Bg3 41. a5 Rg2+ 42. Kh1 Bxe1 43. a6 Bxb4 0-1

[Event "71th Aniversario do GXA"]
[Site "Lisboa"]
[Date "2018.07.11"]
[Round "7"]
[White "Aguiar, Carlos Alberto Bran"]
[Black "Simoes, John William Contre"]
[Result "1-0"]
[WhiteElo "1792"]
[BlackElo "2002"]
[PlyCount "159"]
[EventDate "2018.06.??"]
[EventType "tourn"]
[EventRounds "1"]

1. e4 c5 2. Nf3 d6 3. d4 cxd4 4. Nxd4 Nf6 5. Nc3 a6 6. h3 e6 7. Be3 Qc7 8. Qd2
Be7 9. Be2 Nbd7 10. f4 Nb6 11. O-O Bd7 12. Rad1 Rc8 13. Kh1 Na4 14. Nxa4 Nxe4
15. Qb4 Ng3+ 16. Kg1 Nxf1 17. Bxf1 e5 18. Nb6 d5 19. Qb3 exd4 20. Nxc8 dxe3 21.
Nxe7 Qc5 22. Be2 Qxe7 23. Rxd5 Be6 24. Qa4+ Kf8 25. Re5 Qd6 26. Qe4 g6 27. Qxe3
Kg7 28. a3 Rd8 29. Bd3 b5 30. f5 gxf5 31. Bxf5 Qd1+ 32. Kh2 Bxf5 33. Rxf5 Qd6+
34. Qe5+ Qxe5+ 35. Rxe5 Rc8 36. c3 Rd8 37. Re2 Rd3 38. Rc2 Rd7 39. c4 Rc7 40.
c5 Kf6 41. b4 Ke5 42. Rd2 a5 43. Rd6 axb4 44. axb4 Rb7 45. Kg3 f5 46. Kf3 Ra7
47. Rd3 f4 48. Rc3 Rg7 49. Rc1 Rg3+ 50. Kf2 Rg7 51. c6 Kd6 52. Rc5 Rf7 53. Kf3
Kc7 54. Rxb5 Kxc6 55. Rc5+ Kb6 56. Rc4 Kb5 57. Rxf4 Rc7 58. h4 Rd7 59. h5 Rd5
60. g4 Rd7 61. g5 Rc7 62. Kg4 Rd7 63. g6 hxg6 64. hxg6 Rd1 65. Kg5 Rd8 66. g7
Rg8 67. Kg6 Rc8 68. Kh7 Rc7 69. Kh8 Rc1 70. Rh4 Rc8+ 71. g8=Q Rxg8+ 72. Kxg8
Kc6 73. Rh5 Kb6 74. Rc5 Kb7 75. Kf7 Kb6 76. Ke6 Kb7 77. Kd6 Kb6 78. Ra5 Kb7 79.
Kc5 Kb8 80. Kc6 1-0

[Event "71th Aniversario do GXA"]
[Site "Lisboa"]
[Date "2018.07.11"]
[Round "7"]
[White "Machado, Tomas Dias"]
[Black "Fernandes, Ricardo Paulus"]
[Result "0-1"]
[WhiteElo "1918"]
[BlackElo "1985"]
[PlyCount "132"]
[EventDate "2018.06.??"]
[EventType "tourn"]
[EventRounds "1"]

1. e4 c5 2. Nf3 d6 3. d4 cxd4 4. Nxd4 Nf6 5. Nc3 g6 6. Bc4 Bg7 7. O-O Nc6 8. h3
O-O 9. Be3 Bd7 10. Bb3 a6 11. f4 b5 12. a3 Rc8 13. Qd3 Na5 14. Rad1 Nc4 15.
Bxc4 Rxc4 16. e5 Ne8 17. Nf3 Bf5 18. Qe2 Qa8 19. g4 Bc8 20. Nd5 Qb7 21. b3 Rc6
22. a4 Be6 23. axb5 axb5 24. Nb4 Rc8 25. Bf2 dxe5 26. fxe5 Nc7 27. Ra1 Ra8 28.
Bc5 Nd5 29. Ng5 Nf4 30. Qf3 Qxf3 31. Nxf3 Nxh3+ 32. Kh2 Rxa1 33. Rxa1 Ng5 34.
Kg2 Nxf3 35. Kxf3 Bxe5 36. Ra7 Rc8 37. Nd3 Bd6 38. Bxd6 exd6 39. Nb4 Rc5 40.
Kf4 h5 41. gxh5 Rxh5 42. Nc6 Rc5 43. Nd4 Bf5 44. Nxf5 Rxf5+ 45. Ke4 Rc5 46. Kd3
Kg7 47. Rd7 Rd5+ 48. Ke4 Rc5 49. Kd3 Kf6 50. Rxd6+ Ke5 51. Rb6 g5 52. c4 bxc4+
53. bxc4 f5 54. Rb8 g4 55. Re8+ Kf4 56. Kd4 Rc7 57. c5 g3 58. Rg8 Kf3 59. Kd5
g2 60. Kd6 Ra7 61. Ke5 f4 62. c6 Rc7 63. Kd6 Rh7 64. Ke5 Ra7 65. Kf5 Rc7 66.
Rg6 Kf2 0-1

[Event "71th Aniversario do GXA"]
[Site "Lisboa"]
[Date "2018.07.11"]
[Round "7"]
[White "Santos, Isabel Maria Casimi"]
[Black "Marques, Rui Filipe Pereira"]
[Result "1/2-1/2"]
[WhiteElo "1749"]
[BlackElo "1884"]
[PlyCount "20"]
[EventDate "2018.06.??"]
[EventType "tourn"]
[EventRounds "1"]

1. d4 d5 2. c4 e5 3. dxe5 d4 4. Nf3 Nc6 5. g3 Nge7 6. Bg2 Ng6 7. Bf4 Bg4 8. O-O
Nxf4 9. gxf4 Qd7 10. Qb3 O-O-O 1/2-1/2